Health in wartime north of Sri Lanka.

Saved in:
Bibliographic Details
Main Author: Selvarajah, N. com
Other Authors: Chandrasekara, Kalpana ed
Format: Book
Published: London : Ayothy Library Services, 2013.
Subjects:
Tags: Add Tag
No Tags, Be the first to tag this record!

MARC

LEADER 00000nam a2200000 a 4500
003 LK-CoNLD
005 20260406153051.0
008 260406b |||||||| |||| 00| 0 ||| d
020 |a 9789556593846 
040 |b ENG  |c LK-CoNLD 
082 |a 362.1 
100 |a Selvarajah, N. com  |9 93238 
245 |a Health in wartime north of Sri Lanka. 
260 |a London :  |b Ayothy Library Services,  |c 2013. 
300 |a 179p. ; 21cm 
653 |a Health service - Sri Lanka 
700 |a Chandrasekara, Kalpana ed.  |9 93239 
942 |c AFW 
945 |c 22  |d Logeshwary RAMASAMY 
999 |c 117173  |d 117173